Pascal gondolkodása.
Elmentve itt :
| Szerző: | |
|---|---|
| Adatforrás: | Philobibl |
| Forrásdokumentuma: | Protestáns Szemle 1912. évf., 9-19.p. p. |
| Dokumentumtípus: | Cikk |
| Nyelv: | magyar |
| LEADER | 00276nab a2200097 c 4500 | ||
|---|---|---|---|
| 001 | bibDOK00023620 | ||
| 005 | 20200924121747.3 | ||
| 008 | 060518s1912 hu hun | ||
| 100 | 1 | |a Nagy József | |
| 245 | 1 | 0 | |a Pascal gondolkodása. |c Nagy József |
| 773 | 0 | |t Protestáns Szemle |g 1912. évf., 9-19.p. p. | |